Data compression: the complete refrence (Record no. 170668)

000 -LEADER
fixed length control field 00395nam a2200145Ia 4500
008 - FIXED-LENGTH DATA ELEMENTS--GENERAL INFORMATION
fixed length control field 220217s9999||||xx |||||||||||||| ||und||
020 ## - INTERNATIONAL STANDARD BOOK NUMBER
International Standard Book Number 3-540-78086-6
082 ## - DEWEY DECIMAL CLASSIFICATION NUMBER
Classification number 005.746 SAL
100 ## - MAIN ENTRY--PERSONAL NAME
Personal name Salomon, David
9 (RLIN) 3001
245 #0 - TITLE STATEMENT
Title Data compression: the complete refrence
250 ## - EDITION STATEMENT
Edition statement 2nd
260 ## - PUBLICATION, DISTRIBUTION, ETC.
Place of publication, distribution, etc. Springer
Name of publisher, distributor, etc. Northridge
Date of publication, distribution, etc. 2001
300 ## - PHYSICAL DESCRIPTION
Other physical details 780
650 ## - SUBJECT ADDED ENTRY--TOPICAL TERM
Topical term or geographic name entry element DATA FILES & DATABASE
9 (RLIN) 695
Holdings
Withdrawn status Lost status Damaged status Not for loan Collection code Home library Current library Shelving location Date acquired Full call number Barcode Date last seen Price effective from Koha item type
        Computer Science and Engineering Central Library Central Library Book Cart 02/18/2022 005.746 SAL 5857 02/18/2022 02/18/2022 Books

Powered by Koha